000 00331pam a2200145 a 4500
020 _c
041 _aeng
082 _a628.505
_bMAN
100 _aStanley .
245 _aEnvironmental Science And technology
_hTextual Documents
260 _a[s.l]:
_bLewis Publishers
300 _a641p.
700 _aE.Manahan.
930 _a13859
999 _c90760
_d90760